000
00302nam a2200121Ia 4500
008
180309s9999 xx 000 0 und d
020
_a
9780373771325
100
_a
Skully, Jennifer
245
_a
Sheer dynamite /
260
_a
USA :
_b
2006
_c
HQNBooks
300
_a
379 pages
650
_a
Romance fiction
999
_c
356135
_d
356135